Statistics for AJR - World's Smallest Violin Lyrics

Click here to take the quiz!

General Stats

  • This quiz has been taken 307 times
  • The average score is 267 of 368

Answer Stats

Answer% Correct
I
100%
a
99%
in
98%
My
98%
my
98%
Who
98%
World
97%
an
96%
and
94%
so
94%
he
93%
the
93%
The
93%
violin
93%
grand
92%
II
91%
to
90%
War
90%
fought
89%
grandpa
89%
such
89%
was
89%
do
88%
dude
87%
soon
87%
up
87%
finish
86%
noble
86%
blow
84%
smallest
84%
play
83%
me
82%
can't
81%
I'll
81%
into
81%
world's
81%
if
80%
tiny
80%
even
79%
feel
79%
find
79%
needs
79%
really
79%
school
79%
not
78%
somebody
78%
audience
77%
fireman
75%
you
75%
for
74%
left
74%
symphony
74%
be
73%
dad
73%
violent
73%
like
72%
smithereens
71%
that
71%
fires
70%
let
70%
spew
70%
His
69%
mom
69%
too
69%
while
69%
all
68%
don't
68%
of
68%
Oh
68%
but
65%
two
65%
God
64%
That's
63%
that's
63%
just
62%
shit
62%
think
62%
shame
61%
insane
60%
next
60%
playing
60%
therapist
60%
down
59%
Missed
59%
him
58%
street
58%
them
58%
at
57%
bored
57%
city
57%
bad
55%
help
55%
things
54%
kind
52%
myself
52%
this
52%
from
51%
feeling
50%
I'm
48%
mind
48%
sad
48%
got
47%
melody
47%
ease
46%
fool
46%
it
46%
finishing
44%
friends
44%
put
44%
could
43%
trying
43%
right
42%
feels
40%
vaping
40%
better
39%
necessity
39%
death
38%
man
38%
much
38%
or
37%
prove
37%
making
36%
good
35%
is
35%
maybe
35%
shot
35%
remedy
34%
they're
33%
wish
33%
there
32%
when
32%
Somewhere
31%
somewhere
31%
take
31%
universe
31%
with
31%
know
30%
scared
30%
come
29%
have
29%
mentally
29%
worse
29%
entertaining
28%
made
28%
someone's
28%
yet?
28%
caving
27%
easier
27%
Hennessy
27%
hurt
27%
now
27%
didn't
26%
timpanis
18%

Score Distribution

Percentile by Number Answered

Percent of People with Each Score

Your Score History

You have not taken this quiz